Normal view
MARC view
- Ms Maria Qadri,
Entry Personal Name
001 - CONTROL NUMBER
- control field: 18229
003 - CONTROL NUMBER IDENTIFIER
- control field: NUST
005 - DATE AND TIME OF LATEST TRANSACTION
- control field: 20190720160148.0
008 - FIXED-LENGTH DATA ELEMENTS
- fixed length control field: 190720|| aca||aabn | a|a d
040 ## - CATALOGING SOURCE
- Original cataloging agency: NUST
- Transcribing agency: NUST
100 ## - HEADING--PERSONAL NAME
- Personal name: Ms Maria Qadri,
670 ## - SOURCE DATA FOUND
- Source citation: Work cat.: (NUST): Masood, Abdullah 18228, CRITICAL BRAND EVALUATION OF HERITAGE-1 FURNISHER WITH A FOCUS ON POSSIBLE STRATEGIC BRAND EXTENSION INTO KID'S FURNITURE MARKET /, 2013.
